000 00408nam a22001577a 4500
003 SGT
020 _a1588298906
082 _a615.16
_bT07S
100 _aSIOUD, MOULDY
245 _aTARGET DISCOVERY AND VALIDATION REVIWS AND PROTOCOLS
260 _aNEW GERSEY
_bHUMANA PRESS
_c2007
300 _a345
650 _aPHARMACY
653 _aTARGET, DISCOVERY , VALIDATION, REVIWS, PROTOCOLS
942 _2ddc
_cBK
999 _c26955
_d26955